000 00727nam a22002177a 4500
999 _c20660
_d20660
003 AR-CdUCM
008 190603b ||||| |||| 00| 0 spa d
040 _aMUNICIPALIDAD PROVINCIAL DEL CUSCO
_cBIBLIOTECA MUNICIPAL DEL CUSCO
082 _a398.8561 /
_bC96
100 _aCaballero, Farfan Policarpo
_913130
245 _aVII Congreso nacional de folklore /
260 _aCusco :
_c1984.
300 _a207 páginas ;
_c33 cm.
500 _aMesas redondas -- sesiones generales
505 _aContenido: Sobre el folklore -- El folklore -- El turismo y el folklore en el valle del Colca...
650 _aFolklore
_911672
650 _aPerú
_935
650 _aTurismo
_94560
942 _2ddc
_cLIBROS
945 _aJavier